000 01009cam a2200289 a 4500
001 4981008
003 OSt
005 20160426154932.0
008 980707s1999 enka b 001 0 eng
010 _a 98034472
020 _a0521645875
040 _aDLC
_cDLC
_dDLC
050 0 0 _aQB501
_b.N47 1999
082 0 0 _a523.2
_221
_bSOL 1999
245 0 4 _aThe new solar system /
_cedited by J. Kelly Beatty, Carolyn Collins Petersen, Andrew Chaikin.
250 _a4th ed.
260 _aCambridge ;
_aNew York :
_bSky Pub.,
_c1999.
300 _aviii, 421 p. :
_bcol.ill ;
_c29 cm.
504 _aIncludes bibliographical references (p. 403-412) and index.
651 0 _aSolar system.
_98030
700 1 _aBeatty, J. Kelly.
_98312
700 1 _aPetersen, Carolyn Collins.
_98313
700 1 _aChaikin, Andrew,
_d1956-
_98314
906 _a7
_bcbu
_corignew
_d1
_eocip
_f19
_gy-gencatlg
942 _2ddc
_cSLOAN
999 _c3775
_d3775